[Event "M.Botvinnik Memorial 2012"]
[Site "St. Petersburg, Russia"]
[Date "2012.08.25"]
[Round "1.110"]
[White "Panov, Konstantin"]
[Black "Fokin, Anatoly"]
[Result "1/2-1/2"]
[WhiteElo "1604"]
[BlackElo "1803"]
[PlyCount "100"]
[EventDate "2012.08.25"]

1. e4 d5 2. exd5 Nf6 3. d4 Nxd5 4. Bc4 g6 5. Nf3 Bg7 6. O-O O-O 7. c3 Nc6 8.
Re1 a6 9. Bg5 f6 10. Bc1 e6 11. Nbd2 b5 12. Bb3 Na5 13. Bc2 b4 14. cxb4 Nxb4
15. Be4 c6 16. a3 Nd5 17. b4 Nb7 18. Bb2 Nd6 19. Bxd5 cxd5 20. Nb3 Nc4 21. Qc2
Qb6 22. Nc5 a5 23. Bc3 axb4 24. Bxb4 Re8 25. Nd2 Ba6 26. Nxa6 Qxa6 27. Nxc4
dxc4 28. Rec1 Rac8 29. g3 f5 30. Bc3 Qa7 31. Rd1 Red8 32. Qe2 Re8 33. Bb2 c3
34. Bc1 Bxd4 35. Ra2 Rcd8 36. Re1 Qa4 37. Be3 Bxe3 38. Qxe3 c2 39. Raa1 Rd1 40.
Rc1 Rxc1 41. Rxc1 Kf7 42. Qc3 Rd8 43. Qxc2 Qxa3 44. Qc7+ Qe7 45. Qf4 e5 46.
Qc4+ Kf6 47. Qh4+ Ke6 48. Rc6+ Rd6 49. Qc4+ Kf6 50. Qh4+ Ke6 1/2-1/2

[Event "M.Botvinnik Memorial 2012"]
[Site "St. Petersburg, Russia"]
[Date "2012.08.25"]
[Round "1.111"]
[White "Glazov, Anatoly"]
[Black "Panov, Ivan"]
[Result "0-1"]
[WhiteElo "1856"]
[BlackElo "2033"]
[PlyCount "52"]
[EventDate "2012.08.25"]

1. e4 c5 2. Nf3 e6 3. d4 cxd4 4. Nxd4 a6 5. Nc3 Qc7 6. Be2 Nf6 7. O-O d6 8. f4
Be7 9. f5 e5 10. Nb3 b5 11. Be3 Bb7 12. Bf3 Nbd7 13. Qe2 b4 14. Nd5 Bxd5 15.
exd5 e4 16. Bg4 Ne5 17. Bh3 Nxd5 18. Bd4 Nf6 19. a3 bxa3 20. Rxa3 O-O 21. Rfa1
Rac8 22. Qxa6 d5 23. Ra5 Qxc2 24. Qb7 Nc6 25. Ra6 Nxd4 26. Nxd4 Bc5 0-1

[Event "M.Botvinnik Memorial 2012"]
[Site "St. Petersburg, Russia"]
[Date "2012.08.26"]
[Round "2.1"]
[White "Arslanov, Shamil"]
[Black "Areshchenko, Alexander"]
[Result "0-1"]
[WhiteElo "2416"]
[BlackElo "2691"]
[PlyCount "64"]
[EventDate "2012.08.25"]

1. d4 Nf6 2. c4 g6 3. g3 Bg7 4. Bg2 O-O 5. Nf3 d6 6. Nc3 c6 7. O-O Qa5 8. h3
Be6 9. Qd3 Qa6 10. b3 d5 11. Ne5 dxc4 12. Nxc4 Rd8 13. Bb2 Nbd7 14. Ne5 Qa5 15.
Nxd7 Bxd7 16. e3 e5 17. Ne2 e4 18. Qc2 Re8 19. Nc3 Qf5 20. Ba3 Qe6 21. Rac1
Rad8 22. Na4 Bc8 23. Rfd1 Rd5 24. Nc5 Qe7 25. Qb2 Qd8 26. Qc2 Rh5 27. Nxe4 Nxe4
28. Bxe4 Bxh3 29. Qd3 Ra5 30. b4 Rxa3 31. Qxa3 Rxe4 32. Qxa7 Qf6 0-1

[Event "M.Botvinnik Memorial 2012"]
[Site "St. Petersburg, Russia"]
[Date "2012.08.26"]
[Round "2.2"]
[White "Inarkiev, Ernesto"]
[Black "Smirnov, Alexey"]
[Result "1/2-1/2"]
[WhiteElo "2683"]
[BlackElo "2416"]
[PlyCount "107"]
[EventDate "2012.08.25"]

1. e4 c5 2. Nf3 d6 3. d4 cxd4 4. Nxd4 Nf6 5. Nc3 a6 6. Be3 e5 7. Nb3 Be6 8. Qd2
Nbd7 9. f3 h5 10. Be2 Rc8 11. O-O Be7 12. Nd5 Bxd5 13. exd5 Nb6 14. c4 Nxc4 15.
Bxc4 Rxc4 16. Na5 Rc7 17. b4 Qd7 18. a4 O-O 19. Qd3 Rfc8 20. Ra3 h4 21. h3 Nh5
22. b5 axb5 23. axb5 Ng3 24. Re1 Bf6 25. Nc6 bxc6 26. dxc6 Qe8 27. Ra4 Re7 28.
Qd5 e4 29. f4 g6 30. Rc4 Nf5 31. b6 Nxe3 32. Rxe3 Rxc6 33. Rxc6 Bd4 34. Kf2
Bxe3+ 35. Kxe3 Qa8 36. Qc4 Qa3+ 37. Qc3 Qxc3+ 38. Rxc3 Rb7 39. Rb3 d5 40. Kd4
Kf8 41. Kxd5 e3 42. Kc6 e2 43. Rb1 Re7 44. b7 Re6+ 45. Kd5 e1=Q 46. Rxe1 Rb6
47. f5 gxf5 48. Ke5 Rxb7 49. Kxf5 Rb2 50. Rg1 Kg7 51. Kg5 Rb4 52. Kh5 Ra4 53.
Kg5 Rb4 54. Kh5 1/2-1/2

[Event "M.Botvinnik Memorial 2012"]
[Site "St. Petersburg, Russia"]
[Date "2012.08.26"]
[Round "2.3"]
[White "Bodnaruk, Anastasia"]
[Black "Tiviakov, Sergei"]
[Result "0-1"]
[WhiteElo "2414"]
[BlackElo "2674"]
[PlyCount "88"]
[EventDate "2012.08.25"]

1. e4 d5 2. exd5 Qxd5 3. Nc3 Qd6 4. d4 Nf6 5. Nf3 c6 6. Ne5 Be6 7. f4 g6 8. Be2
Bg7 9. O-O O-O 10. Be3 Nbd7 11. g4 Nd5 12. Nxd5 Bxd5 13. c4 Be4 14. Bf3 Bxf3
15. Qxf3 a5 16. Rad1 a4 17. Nxd7 Qxd7 18. f5 Rad8 19. Rd2 Qd6 20. a3 Qc7 21.
Qe4 Rd7 22. g5 Qd6 23. Kh1 Rfd8 24. Rfd1 b5 25. cxb5 cxb5 26. d5 gxf5 27. Qxf5
e6 28. dxe6 Qc6+ 29. Kg1 fxe6 30. Rxd7 Rxd7 31. Qg4 Rxd1+ 32. Qxd1 Bxb2 33. Qh5
e5 34. Qg4 Bxa3 35. Qf5 Qe8 36. Qd3 Bf8 37. Qd5+ Kh8 38. Bc1 a3 39. h4 b4 40.
h5 Qxh5 41. Qxe5+ Kg8 42. Be3 h6 43. Kf2 b3 44. Qg3 Qg6 0-1

[Event "M.Botvinnik Memorial 2012"]
[Site "St. Petersburg, Russia"]
[Date "2012.08.26"]
[Round "2.4"]
[White "Alekseev, Evgeny"]
[Black "Iljiushenok, Ilia"]
[Result "1-0"]
[WhiteElo "2673"]
[BlackElo "2413"]
[PlyCount "77"]
[EventDate "2012.08.25"]

1. d4 d5 2. Nf3 Nf6 3. c4 c6 4. e3 Bg4 5. h3 Bf5 6. Nc3 e6 7. g4 Bg6 8. Ne5
Nbd7 9. Nxg6 hxg6 10. Bd2 Bd6 11. Bd3 g5 12. Qf3 Qe7 13. O-O-O O-O-O 14. e4 e5
15. exd5 exd4 16. dxc6 Ne5 17. Qf5+ Kb8 18. Nd5 g6 19. c7+ Qxc7 20. Qxe5 Bxe5
21. Nxc7 Kxc7 22. Bxg5 Rde8 23. Kc2 Nd7 24. b4 f6 25. Bc1 g5 26. Bf5 Nb6 27.
Kb3 Nc8 28. Bb2 Ne7 29. Be4 Rd8 30. Rd3 Rh4 31. f3 b6 32. Ka4 Nc6 33. a3 Rh6
34. c5 a6 35. cxb6+ Kxb6 36. Rc1 Ne7 37. Rc4 Nd5 38. Bxd4+ Bxd4 39. Rcxd4 1-0

[Event "M.Botvinnik Memorial 2012"]
[Site "St. Petersburg, Russia"]
[Date "2012.08.26"]
[Round "2.5"]
[White "Aitbayev, Aslan"]
[Black "Zvjaginsev, Vadim"]
[Result "0-1"]
[WhiteElo "2411"]
[BlackElo "2671"]
[PlyCount "114"]
[EventDate "2012.08.25"]

1. e4 e6 2. d4 d5 3. Nd2 c5 4. Ngf3 Nc6 5. exd5 exd5 6. Bb5 Qe7+ 7. Be2 Nf6 8.
O-O Qc7 9. dxc5 Bxc5 10. Nb3 Be7 11. Bg5 O-O 12. c3 Be6 13. Nfd4 Rae8 14. Bh4
Ne4 15. Bxe7 Rxe7 16. Bf3 Bc8 17. Re1 Rfe8 18. Qc2 Ne5 19. h3 Ng5 20. Be2 Ng6
21. Qd2 Qf4 22. Red1 Bxh3 23. Qxf4 Nxf4 24. Bb5 Bd7 25. Bxd7 Rxd7 26. Kf1 g6
27. g3 Nfe6 28. Nxe6 fxe6 29. Nc5 Rf7 30. Kg2 Ref8 31. f4 b6 32. Nd3 Ne4 33.
Ne5 Rg7 34. Kf3 g5 35. Rg1 h5 36. Nd3 Nc5 37. Nxc5 bxc5 38. Rae1 Rf6 39. Ke3
Kf7 40. b4 c4 41. Ref1 Ke7 42. Rh1 Rf5 43. Rf3 Kd6 44. fxg5 Rxf3+ 45. Kxf3 Rxg5
46. a4 e5 47. Rh4 Ke6 48. Kf2 d4 49. cxd4 Kd5 50. dxe5 Rxe5 51. Kf3 c3 52. Rh2
Kc4 53. Kf4 Rd5 54. Ke4 Rg5 55. Kf4 Rg4+ 56. Kf3 Kxb4 57. Rxh5 Rc4 0-1

[Event "M.Botvinnik Memorial 2012"]
[Site "St. Petersburg, Russia"]
[Date "2012.08.26"]
[Round "2.6"]
[White "Matlakov, Maxim"]
[Black "Akkozov, Berik"]
[Result "1-0"]
[WhiteElo "2663"]
[BlackElo "2401"]
[PlyCount "85"]
[EventDate "2012.08.25"]

1. d4 d5 2. Nf3 Nf6 3. c4 c6 4. Nc3 a6 5. e3 b5 6. b3 Bg4 7. Be2 Nbd7 8. h3 Bf5
9. O-O e6 10. Bb2 Bd6 11. Nh4 Be4 12. Nxe4 Nxe4 13. Nf3 O-O 14. Bd3 f5 15. Qe2
Qf6 16. a4 bxc4 17. bxc4 g5 18. cxd5 cxd5 19. Rac1 Qh6 20. Rc6 g4 21. Bxe4 dxe4
22. Ne1 Bb8 23. d5 gxh3 24. Rxe6 Rf6 25. f4 Rxe6 26. dxe6 h2+ 27. Kh1 Qxe6 28.
g4 Ba7 29. gxf5 Qxf5 30. Kxh2 Rb8 31. Rg1+ Kf8 32. Ba3+ Bc5 33. Rg5 Qxg5 34.
fxg5 Bxa3 35. Qxa6 Ke7 36. Qh6 Bd6+ 37. Kh3 Rb1 38. Qxh7+ Kd8 39. Qg8+ Ke7 40.
Ng2 Rh1+ 41. Kg4 Rg1 42. Kf5 Nf8 43. Nf4 1-0

[Event "M.Botvinnik Memorial 2012"]
[Site "St. Petersburg, Russia"]
[Date "2012.08.26"]
[Round "2.7"]
[White "Romanko, Marina"]
[Black "Timofeev, Artyom"]
[Result "0-1"]
[WhiteElo "2399"]
[BlackElo "2639"]
[PlyCount "106"]
[EventDate "2012.08.25"]

1. d4 Nf6 2. c4 g6 3. Nf3 Bg7 4. g3 d5 5. cxd5 Nxd5 6. Bg2 Nb6 7. O-O Nc6 8. e3
O-O 9. Nc3 Re8 10. d5 Na5 11. Nd4 Bd7 12. e4 c5 13. Nb3 Na4 14. Nxa5 Qxa5 15.
Nxa4 Bxa4 16. Bd2 Bxd1 17. Bxa5 Bc2 18. Bc3 Bxc3 19. bxc3 e6 20. Rac1 Bd3 21.
Rfd1 Bc4 22. e5 exd5 23. Bxd5 Be2 24. e6 Rxe6 25. Bxe6 Bxd1 26. Bxf7+ Kxf7 27.
Rxd1 Re8 28. Rd7+ Re7 29. Rd8 Rc7 30. Kf1 Ke6 31. Ke2 Rc6 32. Kd3 Ra6 33. Re8+
Kd5 34. Re7 c4+ 35. Ke3 b5 36. Rd7+ Kc5 37. Rc7+ Kb6 38. Rxh7 Rxa2 39. Rg7 Rc2
40. Rxg6+ Ka5 41. Kd4 Rxf2 42. h4 Rf3 43. h5 Rd3+ 44. Kc5 Rxc3 45. h6 Rc1 46.
Rg7 a6 47. g4 c3 48. Re7 Rh1 49. Re2 Ka4 50. Kd4 Kb3 51. Re3 b4 52. g5 Kb2 53.
Re2+ c2 0-1

[Event "M.Botvinnik Memorial 2012"]
[Site "St. Petersburg, Russia"]
[Date "2012.08.26"]
[Round "2.8"]
[White "Khismatullin, Denis"]
[Black "Ulanov, Alexandr"]
[Result "1/2-1/2"]
[WhiteElo "2636"]
[BlackElo "2398"]
[PlyCount "53"]
[EventDate "2012.08.25"]

1. d4 Nf6 2. c4 e6 3. Nf3 b6 4. g3 Bb7 5. Bg2 Be7 6. O-O O-O 7. Re1 Qc8 8. Nc3
Ne4 9. Bd2 Nxc3 10. Bxc3 Be4 11. d5 f5 12. Qd2 a5 13. Rad1 Na6 14. b3 Bb4 15.
a3 Bxa3 16. Ng5 Bxg2 17. dxe6 dxe6 18. Qd7 Qxd7 19. Rxd7 Rf6 20. Bxf6 gxf6 21.
Nxh7 Bc6 22. Nxf6+ Kf8 23. Nh7+ Kg8 24. Nf6+ Kf8 25. Nh7+ Kg8 26. Nf6+ Kf8 27.
Nh7+ 1/2-1/2

[Event "M.Botvinnik Memorial 2012"]
[Site "St. Petersburg, Russia"]
[Date "2012.08.26"]
[Round "2.9"]
[White "Lavrov, Maxim"]
[Black "Khairullin, Ildar"]
[Result "1/2-1/2"]
[WhiteElo "2372"]
[BlackElo "2633"]
[PlyCount "108"]
[EventDate "2012.08.25"]

1. e4 c6 2. d4 d5 3. e5 c5 4. dxc5 e6 5. Be3 Nh6 6. c3 Nd7 7. Bb5 Nf5 8. Bd4 a6
9. Bxd7+ Bxd7 10. Nf3 Nxd4 11. cxd4 b6 12. c6 Bxc6 13. Nc3 Be7 14. O-O O-O 15.
Qd3 Qd7 16. Rfc1 Rfc8 17. h4 h6 18. Qe3 Qd8 19. g3 b5 20. Ne2 b4 21. Nf4 Bb5
22. Rxc8 Rxc8 23. Rc1 Rc7 24. Nd3 Rxc1+ 25. Nxc1 Qc7 26. Nb3 Qc2 27. Qc1 Qxc1+
28. Nxc1 f6 29. Nb3 Kf7 30. Kg2 Bd3 31. Nfd2 Ke8 32. Kf3 Kd7 33. Ke3 Bc2 34. f4
Kc6 35. Nc1 fxe5 36. dxe5 Bc5+ 37. Ke2 Bd4 38. b3 Bf5 39. Nd3 Bc3 40. Nf3 d4
41. Nh2 h5 42. Nf3 Kd5 43. Nh2 a5 44. Nf3 Bg6 45. Ng5 Be8 46. Nh3 Bb5 47. Nhf2
Ba6 48. Kd1 Bb5 49. Ke2 a4 50. Kd1 Be8 51. Ke2 a3 52. Kd1 Bg6 53. Ke2 Bf5 54.
Kd1 Bg6 1/2-1/2

[Event "M.Botvinnik Memorial 2012"]
[Site "St. Petersburg, Russia"]
[Date "2012.08.26"]
[Round "2.10"]
[White "Lysyj, Igor"]
[Black "Zavoronkov, Vladimir"]
[Result "1-0"]
[WhiteElo "2624"]
[BlackElo "2384"]
[PlyCount "115"]
[EventDate "2012.08.25"]

1. d4 d5 2. c4 dxc4 3. e4 e5 4. Nf3 Nf6 5. Bxc4 Nxe4 6. Nxe5 Nd6 7. Bb3 Be7 8.
O-O O-O 9. Nc3 c6 10. Qf3 Bg5 11. Ne4 Bf6 12. Bf4 Nxe4 13. Qxe4 Nd7 14. Rfe1
Bxe5 15. Bxe5 Nf6 16. Qf3 Nd5 17. Qg3 g6 18. h4 Bf5 19. h5 f6 20. Bd6 Re8 21.
hxg6 hxg6 22. Bc5 Qa5 23. Be7 Rad8 24. Re3 Rd7 25. Bxf6 Rf8 26. Re5 Rxf6 27.
Rxf5 Kg7 28. Rxf6 Nxf6 29. Rd1 Re7 30. Qc3 Qh5 31. d5 cxd5 32. Rxd5 Qh4 33. Rd4
Qg5 34. Rd1 Qf4 35. g3 Qe4 36. Bd5 Qe2 37. Bf3 Qa6 38. a3 Qe6 39. Kg2 b6 40.
Rd8 Kh7 41. Qd4 Kg7 42. b4 Qe5 43. Qc4 Re8 44. Rxe8 Nxe8 45. Qc6 Qe7 46. Qa8
Nd6 47. Bd5 g5 48. a4 Kf6 49. Qc6 Ke5 50. Bf3 Kd4 51. a5 bxa5 52. Qc5+ Kd3 53.
bxa5 Kd2 54. a6 Kd3 55. Bb7 g4 56. Qxa7 Nc4 57. Qb8 Qe2 58. Qf4 1-0

[Event "M.Botvinnik Memorial 2012"]
[Site "St. Petersburg, Russia"]
[Date "2012.08.26"]
[Round "2.11"]
[White "Baghdasaryan, Vahe"]
[Black "Khalifman, Alexander"]
[Result "1/2-1/2"]
[WhiteElo "2368"]
[BlackElo "2621"]
[PlyCount "94"]
[EventDate "2012.08.25"]

1. e4 e5 2. Nf3 Nc6 3. Bb5 a6 4. Ba4 Nf6 5. O-O Bc5 6. d3 b5 7. Bb3 d6 8. Nc3
h6 9. Nd5 O-O 10. c3 Rb8 11. Be3 Nxd5 12. Bxd5 Bxe3 13. fxe3 Ne7 14. Bb3 Ng6
15. Qe1 c5 16. Qg3 Kh7 17. h4 c4 18. dxc4 bxc4 19. Bxc4 Rxb2 20. h5 Nh8 21.
Rad1 Qe7 22. Nh4 Rc2 23. Nf5 Bxf5 24. exf5 f6 25. e4 Nf7 26. Rb1 d5 27. Qg6+
Kh8 28. Bxd5 Rxc3 29. Rb7 Rc7 30. Rfb1 Nd6 31. Rxc7 Qxc7 32. Qg3 Rb8 33. Rxb8+
Qxb8 34. Qe3 Qb1+ 35. Kf2 Kh7 36. Qe2 a5 37. Kf3 Nb5 38. Qd2 Qf1+ 39. Kg3 Nd4
40. Qf2 Ne2+ 41. Kf3 Nd4+ 42. Kg3 Qd1 43. Kh4 Qh1+ 44. Kg4 Qd1+ 45. Kh4 Qh1+
46. Kg4 Qc1 47. Kh3 Qh1+ 1/2-1/2

[Event "M.Botvinnik Memorial 2012"]
[Site "St. Petersburg, Russia"]
[Date "2012.08.26"]
[Round "2.12"]
[White "Bogachkov, Igor"]
[Black "Demchenko, Anton"]
[Result "1/2-1/2"]
[WhiteElo "2356"]
[BlackElo "2603"]
[PlyCount "99"]
[EventDate "2012.08.25"]

1. d4 Nf6 2. c4 g6 3. Nc3 Bg7 4. e4 d6 5. Nf3 O-O 6. Be2 Nbd7 7. O-O e5 8. Re1
Re8 9. Bf1 a6 10. Rb1 exd4 11. Nxd4 c6 12. Bf4 Ne5 13. b4 Nh5 14. Bc1 b5 15.
cxb5 axb5 16. a4 bxa4 17. Nxa4 Bd7 18. Nc3 Qb6 19. b5 Ng4 20. bxc6 Qxd4 21.
Qxd4 Bxd4 22. cxd7 Bxf2+ 23. Kh1 Bxe1 24. dxe8=Q+ Rxe8 25. Bb5 Re5 26. Nd5 Nf2+
27. Kg1 Nxe4 28. Bc6 Bf2+ 29. Kf1 Ba7 30. g4 Nhf6 31. Nxf6+ Nxf6 32. Rb7 Be3
33. Bb2 Nxg4 34. Bxe5 dxe5 35. Bd5 Nh6 36. Ke2 Bg1 37. h3 Kg7 38. Kd3 Kf6 39.
Ke4 Bd4 40. Rc7 Kg7 41. Rd7 Kf8 42. Kf3 Bg1 43. Rb7 Bh2 44. Ra7 Bf4 45. Rb7 Kg7
46. Ra7 Kf6 47. Rb7 Kg7 48. Ra7 Kf8 49. Ra8+ Kg7 50. Ra7 1/2-1/2

[Event "M.Botvinnik Memorial 2012"]
[Site "St. Petersburg, Russia"]
[Date "2012.08.26"]
[Round "2.13"]
[White "Andriasian, Zaven"]
[Black "Serov, Maksim"]
[Result "1/2-1/2"]
[WhiteElo "2600"]
[BlackElo "2370"]
[PlyCount "83"]
[EventDate "2012.08.25"]

1. e4 e6 2. d4 d5 3. Nc3 Nf6 4. e5 Nfd7 5. f4 c5 6. Nf3 Nc6 7. Be3 a6 8. Qd2 b5
9. dxc5 Bxc5 10. Bxc5 Nxc5 11. Qf2 Qe7 12. Bd3 Bb7 13. O-O b4 14. Ne2 Rc8 15.
Ned4 Ne4 16. Qe3 Qc5 17. Rfe1 O-O 18. Nxc6 Rxc6 19. Qxc5 Nxc5 20. Nd4 Rb6 21.
Re3 Rc8 22. a3 a5 23. f5 bxa3 24. bxa3 exf5 25. Nxf5 Re8 26. Rae1 g6 27. Nd4
Ne4 28. e6 fxe6 29. Bxe4 dxe4 30. c4 Rc8 31. Rc3 Kf7 32. c5 e5 33. Nb3 Ra6 34.
Nd2 Ke6 35. Kf2 Bd5 36. Ke3 Rac6 37. Rec1 Rb8 38. R1c2 Rb5 39. g4 h6 40. Rc1
Rb7 41. Rf1 Rb5 42. Rfc1 1/2-1/2

[Event "M.Botvinnik Memorial 2012"]
[Site "St. Petersburg, Russia"]
[Date "2012.08.26"]
[Round "2.14"]
[White "Usmanov, Vasily"]
[Black "Ponkratov, Pavel"]
[Result "1/2-1/2"]
[WhiteElo "2333"]
[BlackElo "2598"]
[PlyCount "109"]
[EventDate "2012.08.25"]

1. d4 Nf6 2. Nf3 c5 3. d5 b5 4. Bg5 Qb6 5. c3 Ne4 6. Bh4 Bb7 7. Qd3 f5 8. Nbd2
c4 9. Qd4 Qxd4 10. Nxd4 Nxd2 11. Kxd2 Bxd5 12. Nxf5 Nc6 13. f3 g6 14. e4 Bf7
15. Ne3 Bh6 16. Bf2 e6 17. Kc2 d5 18. Rd1 O-O-O 19. Ng4 Bg7 20. Bh4 Rd6 21. f4
e5 22. fxe5 Nxe5 23. Be2 g5 24. Bg3 Re8 25. Kc1 Ra6 26. Rhf1 Bh5 27. Bxe5 Rxe5
28. Bf3 dxe4 29. Nxe5 exf3 30. g4 Be8 31. Nxf3 Rxa2 32. Nxg5 Bg6 33. Ne6 Bxc3
34. bxc3 Rc2+ 35. Kb1 Re2+ 36. Ka1 Rxe6 37. Rd5 a6 38. h4 Kc7 39. h5 Bd3 40.
Rf2 Kc6 41. Rd8 Kb6 42. g5 Ka5 43. Ra2+ Kb6 44. Rf2 Re1+ 45. Ka2 Ka5 46. Rd6 b4
47. cxb4+ Kxb4 48. Rb2+ Kc5 49. Rd8 Rg1 50. Rg8 Kd4 51. Rh2 Kc3 52. Rh3 h6 53.
Rg6 Rg2+ 54. Ka3 Rg1 55. Ka2 1/2-1/2

[Event "M.Botvinnik Memorial 2012"]
[Site "St. Petersburg, Russia"]
[Date "2012.08.26"]
[Round "2.15"]
[White "Aleksandrov, Aleksej"]
[Black "Solovjov, Sergey I"]
[Result "1-0"]
[WhiteElo "2597"]
[BlackElo "2365"]
[PlyCount "65"]
[EventDate "2012.08.25"]

1. d4 d5 2. c4 e6 3. Nc3 c5 4. cxd5 cxd4 5. Qa4+ Bd7 6. Qxd4 exd5 7. Qxd5 Nc6
8. Nf3 Nf6 9. Qd1 Bb4 10. e3 O-O 11. Be2 Ne4 12. Bd2 Nxd2 13. Nxd2 Ne5 14. Nf3
Qa5 15. O-O Rfd8 16. Qb1 Bc6 17. Nd4 Bxc3 18. bxc3 Qxc3 19. Rc1 Qd2 20. Rc2 Qa5
21. Nxc6 bxc6 22. Qe1 Qa3 23. Qc3 Qxc3 24. Rxc3 Rd2 25. Kf1 g5 26. Rc5 f6 27.
Rd1 Rad8 28. Rxd2 Rxd2 29. f4 gxf4 30. exf4 Nd3 31. Rc4 c5 32. a3 Kg7 33. g3
1-0

[Event "M.Botvinnik Memorial 2012"]
[Site "St. Petersburg, Russia"]
[Date "2012.08.26"]
[Round "2.16"]
[White "Zenzera, Alexey"]
[Black "Romanov, Evgeny"]
[Result "1/2-1/2"]
[WhiteElo "2331"]
[BlackElo "2595"]
[PlyCount "113"]
[EventDate "2012.08.25"]

1. d4 Nf6 2. Nf3 e6 3. c4 b6 4. g3 Ba6 5. b3 Bb7 6. Bg2 Bb4+ 7. Bd2 a5 8. O-O
O-O 9. Bf4 a4 10. bxa4 d6 11. Bd2 Bxd2 12. Nfxd2 Bxg2 13. Kxg2 Nc6 14. e3 e5
15. d5 Na5 16. Nc3 Nd7 17. e4 Nb7 18. Rb1 Ndc5 19. Qc2 Ra6 20. Rb5 Qd7 21. Rfb1
f5 22. exf5 Qxf5 23. Qxf5 Rxf5 24. f3 Nxa4 25. Nde4 Rf8 26. R5b4 Nxc3 27. Nxc3
Kf7 28. a4 Ke7 29. Kf2 Nc5 30. Ke3 g5 31. Ra1 h5 32. h3 Raa8 33. Rb2 Rf7 34.
Rf2 Raf8 35. Raf1 Ra8 36. Ne4 Nxa4 37. f4 gxf4+ 38. gxf4 exf4+ 39. Rxf4 Rxf4
40. Rxf4 Nc5 41. Rf5 Rh8 42. Nxc5 bxc5 43. h4 Kd7 44. Kf4 Kc8 45. Kg5 Kb7 46.
Kg6 Re8 47. Kxh5 Re4 48. Kg5 Rxc4 49. h5 Rc1 50. h6 c4 51. h7 Rh1 52. Kg6 c3
53. Rf2 Rg1+ 54. Kf7 Rh1 55. Kg7 Rg1+ 56. Kf7 Rh1 57. Kg7 1/2-1/2

[Event "M.Botvinnik Memorial 2012"]
[Site "St. Petersburg, Russia"]
[Date "2012.08.26"]
[Round "2.17"]
[White "Maletin, Pavel"]
[Black "Krivenko, Sergey"]
[Result "1-0"]
[WhiteElo "2587"]
[BlackElo "2347"]
[PlyCount "107"]
[EventDate "2012.08.25"]

1. c4 Nf6 2. g3 g6 3. Bg2 Bg7 4. Nc3 O-O 5. d4 d6 6. Nf3 Nbd7 7. O-O c6 8. e4
e5 9. h3 Qa5 10. Re1 a6 11. Rb1 b5 12. c5 dxc5 13. dxe5 Ne8 14. Bf4 b4 15. Qa4
Qb6 16. Nd1 Qb5 17. Qc2 Nc7 18. Ne3 Ne6 19. Rbd1 Nd4 20. Nxd4 cxd4 21. Rxd4
Nxe5 22. Bxe5 Bxe5 23. Rc4 Be6 24. Rc5 Qb8 25. Rxc6 b3 26. axb3 Qb4 27. Qe2
Qxb3 28. Rc2 a5 29. Rd2 Rfd8 30. Nd5 Bxd5 31. exd5 Bd6 32. Rc1 Re8 33. Qd3 Rab8
34. Qa6 Bb4 35. Rdd1 Qxb2 36. d6 Qf6 37. Bc6 Rf8 38. d7 Qf5 39. Kg2 Rbd8 40.
Qe2 Qe6 41. Qf3 Kg7 42. Rd4 Qe5 43. Re4 Qb2 44. Rd1 Qa3 45. Qxa3 Bxa3 46. Re8
Bb2 47. Ba4 f5 48. Rd2 Bf6 49. Rc2 h5 50. Rc5 h4 51. Kf3 hxg3 52. fxg3 Rf7 53.
Rd5 Kh7 54. Rd6 1-0

[Event "M.Botvinnik Memorial 2012"]
[Site "St. Petersburg, Russia"]
[Date "2012.08.26"]
[Round "2.18"]
[White "Pasiev, Rakhim"]
[Black "Kovalenko, Igor"]
[Result "1-0"]
[WhiteElo "2325"]
[BlackElo "2586"]
[PlyCount "129"]
[EventDate "2012.08.25"]

1. e4 c6 2. d4 d5 3. e5 Bf5 4. Nf3 e6 5. Be2 Nd7 6. O-O Bg6 7. Nbd2 Nh6 8. Nb3
Nf5 9. a4 a6 10. a5 c5 11. c3 Rc8 12. Nxc5 Bxc5 13. dxc5 Rxc5 14. b4 Rxc3 15.
b5 axb5 16. Ba3 Ne7 17. Bxb5 O-O 18. Qa4 Bc2 19. Qb4 Rb3 20. Qxe7 Rxb5 21. Nd4
Bd3 22. Nxb5 Bxb5 23. Rfc1 Ba6 24. f4 h6 25. Qxd8 Rxd8 26. Be7 Re8 27. Bd6 d4
28. Ra4 d3 29. Rd4 Kh7 30. Kf2 Kg6 31. Ke3 h5 32. g3 f6 33. h3 Kh6 34. Kd2 Kg6
35. Rc3 fxe5 36. fxe5 Nb8 37. Bxb8 Rxb8 38. Rc7 Kf5 39. Rxg7 Rc8 40. Rf4+ Kxe5
41. Rg5+ Kd6 42. Rd4+ Ke7 43. Rxh5 Rc2+ 44. Kd1 Re2 45. Rh7+ Kf6 46. Rf4+ Ke5
47. h4 Kd6 48. Rd4+ Ke5 49. Rhd7 Re3 50. Rg4 Rf3 51. h5 Bb5 52. Rxb7 Rf1+ 53.
Kd2 Rf2+ 54. Kc3 Rc2+ 55. Kb3 Bc6 56. Rc7 Kd5 57. Rf7 Kc5 58. Rg5+ Kd4 59. Rf4+
Ke3 60. Re5+ Kd2 61. Rf2+ Kd1 62. Rf1+ Kd2 63. Rf2+ Kd1 64. Rxc2 dxc2 65. Rc5
1-0

[Event "M.Botvinnik Memorial 2012"]
[Site "St. Petersburg, Russia"]
[Date "2012.08.26"]
[Round "2.19"]
[White "Fedorov, Alexei"]
[Black "Biriukov, Oleg V"]
[Result "1-0"]
[WhiteElo "2579"]
[BlackElo "2332"]
[PlyCount "63"]
[EventDate "2012.08.25"]

1. e4 c5 2. Nf3 d6 3. d4 cxd4 4. Nxd4 Nf6 5. Nc3 a6 6. f4 e6 7. Qf3 Qb6 8. a3
Nc6 9. Nxc6 bxc6 10. b3 d5 11. Bb2 Bb7 12. O-O-O O-O-O 13. Bd3 Kb8 14. Na4 Qc7
15. c4 d4 16. c5 e5 17. fxe5 Nd7 18. Qxf7 Nxc5 19. Qxc7+ Kxc7 20. Nxc5 Bxc5 21.
Rhf1 Rhf8 22. Bc4 Rxf1 23. Rxf1 Rf8 24. Rf3 a5 25. e6 Rxf3 26. gxf3 g5 27. Kc2
Kd6 28. Kd3 Bc8 29. Bxd4 Bxa3 30. Bf6 Bxe6 31. Bxe6 Kxe6 32. Bxg5 1-0

[Event "M.Botvinnik Memorial 2012"]
[Site "St. Petersburg, Russia"]
[Date "2012.08.26"]
[Round "2.20"]
[White "Sichinava, Zviad"]
[Black "Grigoryan, Avetik"]
[Result "1/2-1/2"]
[WhiteElo "2322"]
[BlackElo "2579"]
[PlyCount "70"]
[EventDate "2012.08.25"]

1. d4 d5 2. c4 c6 3. Nf3 e6 4. e3 Bd6 5. Nc3 f5 6. g4 fxg4 7. Ne5 Bxe5 8. dxe5
Nh6 9. e4 Qh4 10. Bxh6 Qxh6 11. Qxg4 O-O 12. Qg3 Nd7 13. Rd1 Rf4 14. Bg2 dxc4
15. O-O Rf8 16. f4 Nc5 17. Rd6 Qh5 18. Qe3 Nd3 19. Ne2 c5 20. b3 b5 21. bxc4
bxc4 22. f5 Nxe5 23. Nf4 Qg5 24. Qxc5 Nf7 25. Nxe6 Bxe6 26. Rxe6 Rac8 27. Rc6
Rxc6 28. Qxc6 Qe3+ 29. Kh1 c3 30. f6 g6 31. Rf3 Qe1+ 32. Rf1 Qe3 33. Rf3 Qe1+
34. Rf1 Qe3 35. Rf3 Qe1+ 1/2-1/2

[Event "M.Botvinnik Memorial 2012"]
[Site "St. Petersburg, Russia"]
[Date "2012.08.26"]
[Round "2.21"]
[White "Yemelin, Vasily"]
[Black "Donskov, Anatoly"]
[Result "1-0"]
[WhiteElo "2579"]
[BlackElo "2328"]
[PlyCount "63"]
[EventDate "2012.08.25"]

1. d4 Nf6 2. Bg5 e6 3. Nd2 d5 4. e3 c5 5. c3 Nc6 6. f4 Be7 7. Bd3 h6 8. Bh4 g5
9. Bg3 Qb6 10. b4 cxb4 11. c4 gxf4 12. Bxf4 Nxd4 13. c5 Bxc5 14. exd4 Bxd4 15.
Ngf3 Rg8 16. Nxd4 Qxd4 17. Ne4 Nd7 18. Nd6+ Ke7 19. g3 Ne5 20. Nxc8+ Raxc8 21.
Be2 Qe4 22. O-O Rc3 23. Rc1 d4 24. Bh5 Ng6 25. Bxh6 Nh4 26. Rxf7+ Kd8 27. Rf2
Rgxg3+ 28. hxg3 Rxg3+ 29. Kh2 Rg2+ 30. Kh3 Nf5 31. Rxf5 exf5 32. Bf3 1-0

[Event "M.Botvinnik Memorial 2012"]
[Site "St. Petersburg, Russia"]
[Date "2012.08.26"]
[Round "2.22"]
[White "Serrano Salvador, Eduardo"]
[Black "Epishin, Vladimir"]
[Result "1/2-1/2"]
[WhiteElo "2319"]
[BlackElo "2576"]
[PlyCount "88"]
[EventDate "2012.08.25"]

1. d4 Nf6 2. Nf3 d6 3. c4 g6 4. Nc3 Bf5 5. g3 Bg7 6. Bg2 c6 7. O-O O-O 8. h3
Ne4 9. Bd2 Na6 10. Nxe4 Bxe4 11. Bc3 Nc7 12. Rc1 d5 13. b3 a5 14. c5 Ne6 15. e3
h5 16. h4 f5 17. Ng5 Nxg5 18. hxg5 Bxg2 19. Kxg2 e5 20. dxe5 Qxg5 21. f4 Qe7
22. Bd4 Kf7 23. Rh1 Rh8 24. Rh4 Ke6 25. Rb1 Bf8 26. Qe2 Qf7 27. Rf1 Be7 28. Rh2
Rag8 29. Rfh1 Qf8 30. Qc2 Rg7 31. Kf2 Qf7 32. Qe2 Rgh7 33. Ke1 h4 34. g4 h3 35.
e4 Bh4+ 36. Kd1 Bg3 37. exd5+ cxd5 38. Qb5 fxg4 39. f5+ Qxf5 40. Qb6+ Ke7 41.
Qd6+ Ke8 42. Qb8+ Ke7 43. Qd6+ Ke8 44. Qb8+ Ke7 1/2-1/2